Valparaíso : carta geológica /

Na minha lista:
Detalhes bibliográficos
Autor Corporativo: México. Secretaría de Programación y Presupuesto. Comisión de Estudios del Territorio Nacional
Formato: Mapa
Colecção:(Carta Geológica)
Assuntos:
Tags: Adicionar Tag
Sem tags, seja o primeiro a adicionar uma tag!

MARC

LEADER 00000nem^a2200000^a^4500
001 000068723
005 20250521000000.0
007 $$aaj#canzn
009 20260310091339.284
037 |a Acervo ITESO - Biblioteca 
041 |a GRA 
093 |a F-13-B-55 
110 |a México.  |b Secretaría de Programación y Presupuesto. Comisión de Estudios del Territorio Nacional 
240 1 1 |a [Valparaíso, materiales cartográficos] 
245 1 0 |a Valparaíso :  |b carta geológica / 
255 |a Escala 1:50 000 ;  |b Proyección Universal Transversa de Mercator 
264 |a México :  |b Comisión de Estudios del Territorio Nacional,  |c 1980 
300 |a 1 mapa 
336 |a imagen cartográfica estática  |b cri  |2 rdacontenido 
337 |a sin mediación  |b n  |2 rdamedio 
338 |a mapa  |b nz  |2 rdasoporte 
440 1 |a (Carta Geológica) 
522 |a Cartas adyacentes: F13B44, F13B45, F13B46, F13B54, F13B56, F13B64, F13B65, F13B66 
522 |a Composición Geológica predominante : Rocas ígneas y rocas sedimentarias 
522 |a Carta formada por métodos fotogramétricos a partir de fotografías obtenidas en 1970 
546 |a Edición gráfica con texto en español 
649 |a XX 
650 |a Geología -  |z México 
650 |a Presa El Salitre 
650 |a Valparaíso, Zacatecas -  |x Mapas -  |x Tema Principal 
650 |a San Mateo, Zacatecas 
650 |a Lobato, Zacatecas 
650 |a Zacatecas -  |x Mapas 
650 |a México -  |x Mapas 
910 |a Fondo General 
920 |a Gráficos - Mapas 
905 |a 503 
901 |a 0900072426  |b IT2  |c MAP  |u 20250521 
902 |a https://opac.biblio.iteso.mx/vufind/Record/000068723